Responses for Show #4267 - Tuesday, March 4, 2003

(Sofia: Find out one secret to keeping your balance in life, coming up on Jeopardy!)

Contestants

[<< previous game]

Charlotte Renshaw, an appraiser from Milwaukee, Wisconsin

Anthony Trifilio, a construction worker from Brooklyn, New York

Joe Ingoglia, a Boys & Girls Club director from Bellingham, Washington (whose 1-day cash winnings total $3,799)

[next game >>]

Jeopardy! Round responses

IN OLD DETROIT
YALE DRAMA SCHOOL ALUMNI
CAPITAL CITY HOTELS
PARROTS
WOOD-POURRI
THIS MEANS "WAR"
    $200 26
furs

Anthony
    $200 11
Meryl Streep

Anthony
    $200 16
Moscow

Joe
    $200 21
green

Joe
    $200 1
Tiger Woods

Anthony
    $200 6
warden

Anthony
    $400 27
S.S. Kresge

Charlotte
    $400 12
Henry Winkler

Joe
    $400 17
Tokyo

Joe
    $400 22
fly

Joe
    $400 2
Woodstock

Anthony
    $400 7
wardrobe

Anthony
    $600 28
Tiger Stadium

Charlotte
    $600 13
(Joe: Who is Jodie Foster?)

Sigourney Weaver

JoeAnthony
    $600 18
Cairo

Joe
    $600 23
toes

Charlotte
    $600 3
Woody Woodpecker

Anthony
    $600 8
warthog

Anthony
    $1,000 29
(Alex: You're absolutely right. [**] was another "accept".)
[The end-of-round signal sounds.]

Paris (or Washington, D.C.)

Charlotte
    $800 14
Angela Bassett

Triple Stumper
    $800 19
Seoul

Anthony
    $800 24
(Alex: Less than a minute to go now.)

parakeet

Triple Stumper
    $800 4
wooden shoes

Charlotte
    $800 9
warranty

Joe
    $1000 15
David Alan Grier

Triple Stumper
    $1000 20
(Joe: What is Oslo?)
(Anthony: What is Amsterdam?)
(Charlotte: What is Helsinki?)

Stockholm

JoeAnthonyCharlotte
Triple Stumper
    $1000 25
(Joe: What is a cockatoo?)

macaw

Joe
Triple Stumper
    $1000 5
Tammany Hall

Joe
    $1000 10
Warwick

Joe

Scores at the first commercial break (after clue 15):

Joe Anthony Charlotte
$2,600 $3,200 $800

Scores at the end of the Jeopardy! Round:

Joe Anthony Charlotte
$2,400 $3,200 $2,400

Double Jeopardy! Round responses

ROYALTY
THURSDAY NIGHT TV
GET OUT YOUR LIBRARY TABLETS
LUMBERJACK TALK
WE CAN'T GET ENOUGH OPERA!
2 "P"s
(Alex: There will be 2 prominent "P"s in each correct response.)
    $200 21
(Alex: You realize, of course, that the clues at the top of the board are easier than the ones further down.)

the Hapsburgs

Charlotte
    $400 1
[Joe selected the first clue.]

Cheers

Joe
    $400 6
Mount Vesuvius

Anthony
    $400 11
a logjam

Joe
    $400 23
(Alex: Less than a minute now.)

sniff

Joe
    $400 16
parcel post

Joe
    $800 22
Louis XVI

Anthony
    $800 2
Anthony Edwards

Joe
    $800 7
Library at Alexandria

Joe
    $800 12
skids

Triple Stumper
    $800 27
A Streetcar Named Desire

Joe
    $800 17
peace pipe

Charlotte
    $1200 24
(Anthony: What is Poland?)

Belgium

Anthony
Triple Stumper
    $1200 3
The Untouchables

Triple Stumper
    $1200 8
(Anthony: What is paper?)

parchment

Anthony
Triple Stumper
    $1200 13
crosscut saw

Charlotte
    $1200 28
(Anthony: Who was Handel?)
...
[The end-of-round signal sounds.]

Engelbert Humperdinck

Anthony
Triple Stumper
    $1,200 18
pet peeve

Charlotte
    $1600 25
Queen Beatrix

Triple Stumper
    $1600 4
(Joe: What is "Ironsides?")

Ironside

JoeAnthony
    $1600 9
baths

Anthony
    $1600 14
(Alex: And I have experienced it!)

kickback

Triple Stumper
    $1600 19
PowerPoint

Charlotte
    $2000 26
Henry VI

Triple Stumper
    $2000 5
Jordan Catalano

Triple Stumper
    $2000 10
Gilgamesh

Joe
    $2000 15
birling

Triple Stumper
    $2000 20
Pro Patria

Triple Stumper

Scores at the end of the Double Jeopardy! Round:

Joe Anthony Charlotte
$6,800 $4,000 $7,400

[wagering suggestions for these scores]

Final Jeopardy! Round responses

MILITARY AVIATION
(Alex: Anthony, you're a Jeopardy! champ again!)
[NOTE: Anthony's previous winnings of $16,000 from his Season 18 appearance were not mentioned or added to his total at the end of this show.]
AnthonyWhat is Italy
$4,000
JoeWhat is Germany
$6,799
CharlotteWhat is France?
$1,000
Italy

Final scores:

Joe Anthony Charlotte
$1 $8,000 $6,400
3rd place: $1,000 New champion: $8,000 2nd place: $2,000

Game dynamics:

Coryat scores:

Joe Anthony Charlotte
$6,800 $4,000 $7,400
17 R,
4 W
14 R,
4 W
10 R
(including 3 DDs),
1 W

Combined Coryat: $18,200

[game clues] [game scores] [suggest correction]

Game tape date: 2002-11-16
The J! Archive is created by fans, for fans. Scraping, republication, monetization, and malicious use prohibited; this site may use cookies and collect identifying information. See terms. The Jeopardy! game show and all elements thereof, including but not limited to copyright and trademark thereto, are the property of Jeopardy Productions, Inc. and are protected under law. This website is not affiliated with, sponsored by, or operated by Jeopardy Productions, Inc. Join the discussion at JBoard.tv.